000 00291nam a22001337a 4500
008 171019b xxu||||| |||| 00| 0 eng d
020 _a0023948507
041 _aeng
080 _a338
100 _a53
101 _aMEN
245 _aMANAGEMENT ECONOMICS
_cPETERSON.H.C
942 _2udc
_cBK
999 _c34936
_d34936